Rozhodovacie a kontrolné procesy Zbierka príkladov z rozhodovania

Salvato in:
Dettagli Bibliografici
Ente Autore: Vysoká škola ekonomická v Bratislave. Fakulta riadenia
Natura: Libro
Lingua:slovacco
Pubblicazione: Bratislava VŠE 1988
Edizione:2. vyd.
Tags: Aggiungi Tag
Nessun Tag, puoi essere il primo ad aggiungerne!!

MARC

LEADER 00000nam a2200000 4500
001 c024133
005 20221219092238.8
041 0 |a slo 
044 |a SK 
245 1 0 |a Rozhodovacie a kontrolné procesy  |b Zbierka príkladov z rozhodovania 
250 |a 2. vyd. 
264 1 |a Bratislava  |b VŠE  |c 1988 
300 |a 209 s. 
710 2 |a Vysoká škola ekonomická v Bratislave. Fakulta riadenia